000
00283nam a2200121Ia 4500
008
190216s9999||||xx |||||||||||||| ||und||
100
_a
Matthew Arnold
245
0
_a
Poems
260
_b
Everyman`S Reference Library
_c
1966
300
_a
537p
650
_a
English Poetry
942
_c
BK
999
_c
11840
_d
11840